|
|
|
|
| LEADER |
00000nam0a2200000 4500 |
| 001 |
321688 |
| 005 |
20231102003411.0 |
| 035 |
|
|
|a (RuTPU)RU\TPU\book\347244
|
| 090 |
|
|
|a 321688
|
| 100 |
|
|
|a 20160902d1953 km y0rusy50 ca
|
| 101 |
0 |
|
|a rus
|
| 102 |
|
|
|a RU
|
| 105 |
|
|
|a a z 001zy
|
| 200 |
1 |
|
|a Перекристаллизация снега и возникновение лавин
|f Г. К. Тушинский, Е. Ф. Гуськова, В. Д. Губарева
|
| 210 |
|
|
|a Москва
|c Изд-во Московского ун-та
|d 1953
|
| 215 |
|
|
|a 116 с.
|c ил.
|
| 320 |
|
|
|9 572
|a Библиогр.: с. 115
|
| 606 |
1 |
|
|a Снег
|x Геодинамика
|2 stltpush
|3 (RuTPU)RU\TPU\subj\55377
|9 73413
|
| 610 |
1 |
|
|a перекристаллизация
|
| 610 |
1 |
|
|a лавины
|
| 610 |
1 |
|
|a снежные толщи
|
| 610 |
1 |
|
|a температурный режим
|
| 610 |
1 |
|
|a тепло
|
| 610 |
1 |
|
|a микроскопические исследования
|
| 610 |
1 |
|
|a микроскопические исследования
|
| 610 |
1 |
|
|a механические свойства
|
| 675 |
|
|
|a 551.322
|v 4
|
| 700 |
|
1 |
|a Тушинский
|b Г. К.
|
| 701 |
|
1 |
|a Гуськова
|b Е. Ф.
|
| 701 |
|
1 |
|a Губарева
|b В. Д.
|
| 801 |
|
1 |
|a RU
|b 63413507
|c 20160902
|
| 801 |
|
2 |
|a RU
|b 63413507
|c 20200324
|g RCR
|
| 942 |
|
|
|c BK
|